| 000 | 00421cam a2200157 i 4500 | ||
|---|---|---|---|
| 001 | 000018769 | ||
| 005 | 20200929165844.0 | ||
| 008 | 781006s1977 fr 000 1 fre | ||
| 020 | _a2246005183 | ||
| 040 |
_aDO-SdBNP _bspa _cBNPHU |
||
| 082 |
_axxxx _bD288n |
||
| 100 | 1 |
_aDebray, Régis. _940492 |
|
| 245 | 1 | 3 |
_aLa neige brûle / _cRegis Debray. |
| 260 |
_aParis : _bBernard Grasset, _c1977. |
||
| 300 |
_a281 p. ; _c21 cm. |
||
| 999 |
_c18289 _d18289 |
||